| 000 | 00871nas a2200277 4500 | ||
|---|---|---|---|
| 001 | BR0800253 | ||
| 003 | BR-BrBNA | ||
| 005 | 20231205111442.0 | ||
| 007 | ta | ||
| 008 | 230509b bl.|||p| |||| 00| 00por d | ||
| 040 |
_aBR-BrBNA _bpor _cBiblioteca Nacional de Agricultura |
||
| 041 | _a(Pt) | ||
| 072 | _aL70; L40 | ||
| 100 | 1 | _aSeverino, R.S. | |
| 100 | 1 | _aSilva, F.O.C. e | |
| 100 | 1 | _aDrummond, S.S. | |
| 100 | 1 | _aCampos, D.B | |
| 245 | 1 | _aOrigem e Distribuição das artérias mesentéricas cranial e caudal em aves (Gallus gallus)da linhagem Label Rouge | |
| 650 | _aAVE | ||
| 650 | _aARTÉRIA | ||
| 650 | _aCRANIO | ||
| 650 | _aCAUDA | ||
| 773 | 0 |
_tArquivos de Ciências Veterinárias e Zoologia da UNIPAR (Brazil) _xISSN 1415-8167 _g(Jul-Dec 2001), v. 4(2) p. 163-167 _wBR0800253 |
|
| 909 |
_a202311 _bLúcia _c55 _dLúcia Elande |
||
| 942 |
_2AGRIS _n0 _cANA |
||
| 999 |
_c192811 _d192811 |
||